000 00314nam a2200133Ia 4500
008 100328s9999 xx 000 0 und d
082 _b72986
100 _aReilly Matthew.
245 _aSix Sacred Stones
260 _bPan Books.
630 _aSix Sacred Stones
730 _aSix Sacred Stones
942 _cBOOK
999 _c558707
_d558704